Benjamin Péret y México /
保存先:
| 第一著者: | |
|---|---|
| フォーマット: | 図書 |
| 言語: | スペイン語 |
| 出版事項: |
México :
Fondo de Cultura Económica,
2014, c2014
|
| シリーズ: | (Vida y Pensamiento de México)
|
| 主題: | |
| タグ: |
タグなし, このレコードへの初めてのタグを付けませんか!
|
MARC
| LEADER | 00000nam^a2200000^a^4500 | ||
|---|---|---|---|
| 001 | 000432164 | ||
| 005 | 20250521000000.0 | ||
| 009 | 20260310123008.232 | ||
| 020 | |a 978-607-16-2214-3 | ||
| 037 | |a Acervo ITESO - Biblioteca | ||
| 041 | |a ESP | ||
| 082 | |a 840. 944081 |b BRA | ||
| 100 | |a Bradu, Fabienne |e (autor) | ||
| 245 | 1 | 0 | |a Benjamin Péret y México / |c F. Bradu. |
| 264 | 4 | |a México : |b Fondo de Cultura Económica, |c 2014, c2014 | |
| 300 | |a 246 p. | ||
| 336 | |a texto |b txt |2 rdacontenido | ||
| 337 | |a sin mediación |b n |2 rdamedio | ||
| 338 | |a volumen |b nc |2 rdasoporte | ||
| 440 | 1 | |a (Vida y Pensamiento de México) | |
| 545 | 0 | |a Benjamin Péret (Rezé, 1899 - París, 1959) fue, con André Breton, Louis Aragon y Paul Eluard, uno de los fundadores del surrealismo. Huyendo de la guerra, vivió en México de 1942 a 1948. Fue un duro crítico de la llamada "poesía de la resistencia", escrita durante el conflicto bélico, y como tal la calificó de patriotera y tradicionalista. Autor de: El pasajero del transatlántico (1921); Yo no como de ese pan (1936); El deshonor de los poetas (1945); Fuego central (1947); Aire mexicano (1952); Historia natural (1958). | |
| 649 | |a XX | ||
| 650 | |a Escritores Franceses | ||
| 650 | |a Refugiados Políticos Franceses - |z México | ||
| 650 | |a Exilio - |z México | ||
| 650 | |a Exilio en la Literatura | ||
| 650 | |a Literatura Francesa - |x Historia y Crítica | ||
| 650 | |a Literatura Francesa - |y Siglo XX | ||
| 650 | |a Surrealismo | ||
| 650 | |a Péret, Benjamin - |x Tema Principal | ||
| 910 | |a Fondo General | ||
| 920 | |a Impresos - Libros | ||
| 930 | |a Colección General | ||
| 940 | |a Literatura | ||
| 905 | |a 101 | ||
| 901 | |a 0500349671 |b IT1 |c LIT |i C149094 |u 20250521 | ||
| 902 | |a https://opac.biblio.iteso.mx/vufind/Record/000432164 | ||